Movies Quiz

Random Movies or Grab Bag Quiz

Gimme Five: Movies Quiz Stats

Quiz Updated Apr 10, 2014

Challenge
Share
Tweet
Embed
Score 0/45 Timer 07:00
2 Plays Today
% Correct
France
78.9%
Monty Python and the Holy Grail
75.4%
Groucho
74.1%
Forrest Gump
73.1%
Spain
64.9%
Italy
63.8%
Cinderella
63.7%
Life of Brian
60.9%
Molly Ringwald
59.9%
Dirty Harry
59%
Philadelphia
58.5%
Harpo
57.6%
Emilio Estevez
57%
Cast Away
56.2%
Japan
50.6%
Sleeping Beauty
50%
Saving Private Ryan
47.8%
Big
44.4%
Violet
43.7%
Dashiell
39.8%
Zeppo
39%
Judd Nelson
36.9%
Bob
36.1%
% Correct
Anthony Michael Hall
35.7%
Jack-Jack
35.4%
The Love Bug
34.7%
The Meaning of Life
34.4%
Ally Sheedy
32.2%
Chico
31.5%
Sweden
31.1%
Helen
24.8%
Herbie Fully Loaded
22.1%
Sudden Impact
20.8%
Lady and the Tramp
18.8%
Peter Pan
18.5%
Magnum Force
17.6%
And Now for Something Completely Different
17.5%
The Dead Pool
16.3%
Herbie Rides Again
15.4%
Gummo
15%
Alice in Wonderland
11.9%
The Enforcer
10.3%
Herbie Goes Bananas
10.2%
Herbie Goes to Monte Carlo
7.3%
Monty Python Live at the Hollywood Bowl
6.7%

You're not logged in!

Compare scores with friends on all Sporcle quizzes.
Sign Up with Email
OR
Log In

You Might Also Like...

Show Comments

Extras

Top Quizzes Today


Score Distribution

Your Account Isn't Verified!

In order to create a playlist on Sporcle, you need to verify the email address you used during registration. Go to your Sporcle Settings to finish the process.